Obras de V. I. Lenin

Guardado en:
書目詳細資料
格式: Texto
出版: Moscú: Mezhdunaródnaya Kniga
標簽: 添加標簽
沒有標簽, 成為第一個標記此記錄!

MARC

LEADER 00000 a a2200000 04500
001 23812
003
040
090 |a 168600  
245 |a Obras de V. I. Lenin  
260 |a Moscú:   |b Mezhdunaródnaya Kniga  
300 |a 99 p.   |b il.  
999 |c 12025  |d 12025